000 01880cam a2200289 4500
001 ##L134879
008 060907n2005 000 0 eng u
020 _a1903287618
035 _a(Sirsi) u134879
041 0 _aeng
050 0 4 _a697 $2 18
110 2 _aChartered Institution of Building Services Engineers
_92360
245 0 0 _aTransportation systems in buildings
_bCIBSE guide D: 2005
250 _a3rd ed.
260 _aLondon
_bCIBSE
_c2005
300 _a1v.
_bill.
_c30cm.
350 _a64
490 0 _aCIBSE Guide
_vD
505 2 _aIntroduction -- Interior circulation -- Traffic planning and selection of equipment and performance -- Advanced planning techniques and computer programmes -- Types of transportation systems -- Firefighting lifts and evacuation lifts for people with disabilities -- Lift components and installation -- Lift drives and controls -- Lift traffic control -- Escalators and moving walks -- Transportation facilities for persons and persons with disabilities -- Electrical systems and environmental conditions -- Energy consumption of lifts, escalators and moving walks -- Remote monitoring and alarms -- Commissioning, preventative maintenance, testing and thorough examination of lifts, escalator and moving walks -- Modernisation of lift installations -- Legislation, standards and codes of practice -- Construction (Design and Management) Regulations 1994 -- Appendices
520 _aProvides guidance for those involved in designing and installing lift and escalator systems, as well as those who manage buildings in which they operate.
520 _aSupersedes second edition (ISBN 190328709X)
590 _aIKA171006
651 4 _aUnited Kingdom
_y
690 _aBUILT ENVIRONMENT-BUILDING ELEMENTS-COMPLETE BUILDING SERVICES ELEMENTS-COMPLETE BUILDING TRANSPORT SYSTEMS
700 1 _aButcher, Ken
_eEditor
942 _n0
999 _c105827
_d105827